000 00790nam a2200205 i 4500
001 91381
003 ES-MaACL
005 20250904063053.0
007 t|
008 050128s1925 pe ||||1| spa d
100 1 _aLevillier, Roberto,
_d1886-1969
_971965
245 1 3 _aEl descubrimiento del Norte Argentino
_b: la expedición de Diego de Rojas del Cuzco al Tucumán y al Río de la Plata 1543-1546 /
_cRoberto Levillier.
260 _aLima :
_bRosay,
_c1925.
300 _a69 p. ;
_c26 cm.
500 _aEs tirada aparte del Capítulo IIIº de la "Nueva Crónica de la Conquista de Tucuman"
651 4 _aTucumán (Gobernación)-
_xHistoria.
_9151017
651 4 _aRío de la Plata (Virreinato)-
_vHistoria.
_9137351
852 _aES-MaACL
_jF-11304
999 _c91381
_d91381